00753 a2200169 4500020001500000040001300015082001200028100002200040245004600062260002900108300002000137650010800157942002500265999001500290952013900305952013900444 a0006162649 aDLCbDLC a823.912 aChristie, Agatha. aElephants can remembercChristie, Agatha  aLondon,bCollins,c1972. a218 p. ;c20 cm a1.Poirot, Hercule (Fictitious character) --Fiction. 2.Poirot, Hercule (Fictitious character) --Fiction. cBKk823.912 CHR2ddc c4892d4892 001040708FICaCLbCLcFICd2005-01-06eSaeed Book Bankg175.50l2o823.912 CHRpSEECS005225r2018-12-31s2018-12-19w2017-01-05yBK 001040708FICaCLbCLcFICd2005-01-06eSaeed Book Bankg175.50l2o823.912 CHRpSEECS005224r2026-04-28s2026-04-12w2017-01-05yBK